|
|
|
|
| LEADER |
00615cam a2200193 a 4500 |
| 001 |
0000041974 |
| 005 |
19980525090000.0 |
| 040 |
|
|
|a mod
|
| 041 |
|
|
|a eng
|
| 020 |
0 |
0 |
|a 0417208502
|
| 090 |
0 |
0 |
|a 800
|b NOT
|
| 245 |
0 |
0 |
|a Notes on Daniel Defoe's Moll Flanders
|c compiled by Valerie A. Moffett
|
| 260 |
0 |
0 |
|a London
|b Methuen
|c 1977
|
| 300 |
0 |
0 |
|a 43p.
|c 22cm
|
| 440 |
0 |
0 |
|a Methuen's Study Aids
|
| 504 |
0 |
0 |
|a Bib:p.43
|
| 600 |
0 |
0 |
|a Defoe
|h Daniel
|y 1661?-1731. Fortunes and inisfortures of the famous Moll Flanders
|x Examinations
|x Sudy guides
|
| 852 |
0 |
0 |
|a 01
|
| 999 |
|
|
|a 0048809
|b KEMENTAH
|d BOOKS
|e Rujukan
|f Perpustakaan KEMENTAH
|j AVAILABLE
|q OLD
|